| LEADER |
01244nam0a2200241 450 |
| 001 |
16868338 |
| 010 |
|
|
|a 978-2-302-10222-4
|b rel.
|d 11,5
|
| 100 |
|
|
|a 20260529d2026 u u0frey01 ba
|
| 101 |
0 |
|
|a fre
|
| 102 |
|
|
|a FR
|
| 200 |
0 |
|
|a Furious Jumper cinematic universe
|f scénario, Jean-Christophe Derrien et Furious Jumper
|g dessin, Emmanuel Nhieu - couleurs, Joël Odone
|
| 207 |
|
1 |
|a
|
| 210 |
|
|
|a Toulon
|c Soleil
|d DL 2024
|
| 215 |
|
|
|a 1 vol. (45 p.)
|c ill. en coul.
|d 30 cm
|
| 225 |
1 |
|
|a Furious Jumper
|v 5
|
| 330 |
|
|
|a Furious, Bichon et Edith testent un nouveau jeu en réalité virtuelle. Le résultat est saisissant : ils sont propulsés dans une ville où ils deviennent des super héros. Furious possède désormais une armure hi tech, Bichon est invisible, Edith crée des ondes de choc. Répondant à un signal de détresse, ils sont attaqués par des méchants qui obéissent à un mystérieux ennemi masqué.
|
| 461 |
|
0 |
|t Furious Jumper
|v 5
|
| 700 |
|
0 |
|a Derrien
|b Jean-Christophe
|f 1971-....
|4 70
|
| 701 |
|
0 |
|a Furious Jumper
|4 70
|
| 702 |
|
0 |
|a Nhieu
|b Emmanuel
|f 1974-....
|4 440
|
| 900 |
|
|
|a Bande Dessinée (enfants)
|
| 901 |
|
|
|a Jeunesse
|
| 995 |
|
|
|a Médiathèque
|c Médiathèque
|f 089021896
|h 089021896
|k BD FUR
|o p
|q j
|r az
|e Médiathèque
|